000 00471nam a2200205Ia 4500
003 OSt
005 20220924134331.0
006 a|||||r|||| 00| 0
007 ta
008 220923b |||||||| |||| 00| 0 snd d
024 _a273511
037 _cTextual
040 _aARTS
_cARTS
_bsnd
041 _2snd
_asnd
082 _aO1593x, J9
245 0 _aAhmedabad ja Adeeb
260 _c1959
942 _hO1593x, J9
_cTEXL
_2CC
999 _c437073
_d437073